| 000 | 00459nam a22001697a 4500 | ||
|---|---|---|---|
| 005 | 20250620143626.0 | ||
| 008 | 250506b |||||||| |||| 00| 0 eng d | ||
| 020 | _a9789394200500 | ||
| 040 | _cSDCL | ||
| 041 | _aeng | ||
| 084 | _aP111:2 R3 LR | ||
| 100 |
_aKeshari, Kanchan _9754390 |
||
| 245 | _a5000 plus daily use English sentences | ||
| 260 |
_aNew Delhi : _bInvincible Publication Pvt. Ltd., _c2023. |
||
| 300 | _axii, 456p | ||
| 942 |
_2CC _cGB |
||
| 999 |
_c1311804 _d1311804 |
||